[Event "Maia op-A"]
[Site "Maia POR"]
[Date "2025.08.26"]
[Round "5"]
[White "Andersen, Mads"]
[Black "Keleberda, Tymur"]
[Result "1/2-1/2"]
[WhiteElo "2564"]
[BlackElo "2353"]
[WhiteFideId "-1"]
[BlackFideId "-1"]
[PlyCount "84"]
[GameId "540907281862"]
[EventDate "2025.08.22"]
[EventType "swiss"]
[EventRounds "9"]
[EventCountry "POR"]
[SourceTitle "Mega2025 Update 44"]
[Source "Chessbase"]
[SourceDate "2025.09.05"]
[SourceVersion "1"]
[SourceVersionDate "2025.09.05"]
[SourceQuality "1"]

1. d4 e6 2. c4 Nf6 3. Nf3 d5 4. g3 dxc4 5. Bg2 a6 6. O-O Nc6 7. Nbd2 Nxd4 8. Nxc4 Nc6 9. Qxd8+ Nxd8 10. Nfe5 a5 11. Rd1 Be7 12. Bd2 Nd5 13. Nxa5 f6 14. Nd3 f5 15. Nc4 O-O 16. Nf4 Nb4 17. a3 Nbc6 18. Bc3 Nf7 19. Rac1 Rd8 20. Rxd8+ Nfxd8 21. b4 Nf7 22. b5 Ncd8 23. b6 Ra4 24. Bb4 Bxb4 25. axb4 c6 26. Nd3 Kf8 27. Rb1 Ke7 28. e4 fxe4 29. Bxe4 g6 30. f4 Ra2 31. Nc5 Nd6 32. Nxd6 Kxd6 33. h4 Ke7 34. Bd3 Ra3 35. Kg2 Nf7 36. h5 Ra2+ 37. Kf3 gxh5 38. Rh1 Kf6 39. Rxh5 h6 40. Ne4+ Ke7 41. Ra5 Rb2 42. Ra4 e5 1/2-1/2

[Event "Maia op-A"]
[Site "Maia POR"]
[Date "2025.08.27"]
[Round "6"]
[White "Keleberda, Tymur"]
[Black "Vioque Gonzalez, Nicolas"]
[Result "1-0"]
[WhiteElo "2353"]
[BlackElo "2126"]
[WhiteFideId "-1"]
[BlackFideId "-1"]
[PlyCount "93"]
[GameId "540907281917"]
[EventDate "2025.08.22"]
[EventType "swiss"]
[EventRounds "9"]
[EventCountry "POR"]
[SourceTitle "Mega2025 Update 44"]
[Source "Chessbase"]
[SourceDate "2025.09.05"]
[SourceVersion "1"]
[SourceVersionDate "2025.09.05"]
[SourceQuality "1"]

1. d4 d5 2. c4 Nc6 3. Nf3 Bg4 4. e3 e5 5. Be2 e4 6. Ng1 Bxe2 7. Nxe2 Nb4 8. O-O f5 9. Nf4 Nf6 10. a3 Nc6 11. cxd5 Nxd5 12. Qh5+ g6 13. Nxg6 Nf6 14. Qh3 hxg6 15. Qxh8 Qe7 16. Qh4 O-O-O 17. Nc3 Qg7 18. f3 exf3 19. Rxf3 Bd6 20. Nb5 Be7 21. Qg3 Bf8 22. Bd2 a6 23. Nc3 Bd6 24. Qe1 Re8 25. Qf1 Ng4 26. Qc4 Bxh2+ 27. Kf1 Bd6 28. Rh3 Rh8 29. Rxh8+ Qxh8 30. Ke2 Qh5 31. Qg8+ Kd7 32. Kd3 Ne7 33. Qa8 b6 34. Qxa6 Qg5 35. Qa4+ Kd8 36. Qa8+ Kd7 37. Re1 Nc6 38. Qa4 Nf2+ 39. Kc2 Qxg2 40. d5 Be5 41. Qxc6+ Kd8 42. Qa8+ Kd7 43. Qa4+ Kd8 44. Re2 Qg3 45. Qa8+ Kd7 46. Qc6+ Kd8 47. Be1 1-0

[Event "Maia op-A"]
[Site "Maia POR"]
[Date "2025.08.28"]
[Round "7"]
[White "Sathvik, Adiga"]
[Black "Keleberda, Tymur"]
[Result "0-1"]
[WhiteElo "2370"]
[BlackElo "2353"]
[WhiteFideId "-1"]
[BlackFideId "-1"]
[PlyCount "84"]
[GameId "541154625420"]
[EventDate "2025.08.22"]
[EventType "swiss"]
[EventRounds "9"]
[EventCountry "POR"]
[SourceTitle "Mega2025 Update 44"]
[Source "Chessbase"]
[SourceDate "2025.09.05"]
[SourceVersion "1"]
[SourceVersionDate "2025.09.05"]
[SourceQuality "1"]

1. e4 c5 2. Nf3 d6 3. d4 cxd4 4. Nxd4 Nf6 5. Nc3 a6 6. Be3 e5 7. Nf3 Qc7 8. a4 Be7 9. Be2 {seems to push 9.a5 aside. setzt sich inzwischen gegen 9.a5 durch.} Be6 10. a5 Nbd7 11. Ng5 Bc4 12. O-O O-O 13. Ra4 Bxe2 14. Qxe2 Rfc8 15. Rd1 $146 (15. Nf3 Qc6 16. Rd1 Bf8 17. h3 h6 18. Qd3 Be7 19. Rda1 Nc5 20. Bxc5 Qxc5 21. Nd2 {½-½ Huebner,R (2600)-Portisch,L (2655) Candidates sf Huebner-Portisch +2-0=9 Abano Therme 1980 (3)}) 15... Qd8 16. Nf3 Nc5 17. Raa1 Qe8 18. Nd2 Ne6 19. Nc4 Rc6 20. f3 Nc7 21. Rd2 h6 22. Rad1 Nb5 23. Nxb5 axb5 24. Nxd6 Bxd6 25. Rxd6 Rxd6 26. Rxd6 Rxa5 27. h3 Ra1+ 28. Kh2 Qe7 29. Rb6 Nh5 30. Qd2 Kh7 31. Bxh6 f6 32. Be3 Qc7 33. Qd5 Nf4 34. Qxb5 Qxc2 35. Bxf4 Qf2 36. Qd7 Qg1+ 37. Kg3 exf4+ 38. Kh4 Qf2+ 39. Kh5 Ra5+ 40. Rb5 Rxb5+ 41. Qxb5 g6+ 42. Kg4 Qg3# 0-1

[Event "Maia op-A"]
[Site "Maia POR"]
[Date "2025.08.29"]
[Round "8"]
[White "Keleberda, Tymur"]
[Black "Martins, Bruno Andre Leite"]
[Result "1/2-1/2"]
[WhiteElo "2353"]
[BlackElo "2378"]
[WhiteFideId "-1"]
[BlackFideId "-1"]
[PlyCount "71"]
[GameId "541154625463"]
[EventDate "2025.08.22"]
[EventType "swiss"]
[EventRounds "9"]
[EventCountry "POR"]
[SourceTitle "Mega2025 Update 44"]
[Source "Chessbase"]
[SourceDate "2025.09.05"]
[SourceVersion "1"]
[SourceVersionDate "2025.09.05"]
[SourceQuality "1"]

1. d4 Nf6 2. c4 e6 3. Nf3 d5 4. Nc3 Bb4 5. e3 O-O 6. Bd2 c5 7. a3 Bxc3 8. Bxc3 Ne4 9. Rc1 Nxc3 10. Rxc3 cxd4 11. Nxd4 dxc4 12. Bxc4 Bd7 13. O-O Nc6 14. Nb3 {has lost popularity (14.Nf3). verliert an Beliebtheit (14.Sf3).} Qe7 15. Qh5 Rfd8 16. Rfc1 Be8 17. f4 $146 (17. Bd3 h6 18. Qe2 Rd6 19. g3 Ne5 20. Be4 Bc6 21. Bxc6 Nxc6 22. Nc5 Rad8 23. R3c2 Ne5 24. Ne4 {½-½ Stettler,M (2365)-Blauert,J (2375) BL2-Nord 9192 Germany 1991}) 17... Rd6 18. Nc5 Rad8 19. b4 Nb8 20. Bd3 h6 21. Qe2 b6 22. Ne4 Rc6 23. Rxc6 Bxc6 24. Rc3 Kf8 25. Qc2 Qd7 26. Nf2 Rc8 27. Be4 Bb7 28. Bxb7 Rxc3 29. Qxc3 Qxb7 30. h3 Qc6 31. Qd3 Nd7 32. Kh2 Ke7 33. Ne4 Nf6 34. Nxf6 Kxf6 35. Qd4+ Kg6 36. Qd3+ 1/2-1/2

[Event "Maia op-A"]
[Site "Maia POR"]
[Date "2025.08.30"]
[Round "9"]
[White "Keleberda, Tymur"]
[Black "Perez Candelario, Manuel"]
[Result "0-1"]
[WhiteElo "2353"]
[BlackElo "2572"]
[WhiteFideId "-1"]
[BlackFideId "-1"]
[PlyCount "88"]
[GameId "541154625497"]
[EventDate "2025.08.22"]
[EventType "swiss"]
[EventRounds "9"]
[EventCountry "POR"]
[SourceTitle "Mega2025 Update 44"]
[Source "Chessbase"]
[SourceDate "2025.09.05"]
[SourceVersion "1"]
[SourceVersionDate "2025.09.05"]
[SourceQuality "1"]

1. d4 d5 2. c4 e6 3. Nf3 a6 4. cxd5 exd5 5. Qc2 Bd6 6. Nc3 Ne7 7. Bg5 f6 8. Bh4 Nbc6 9. e3 Bf5 10. Qd1 g5 11. Bg3 h5 12. Bd3 h4 13. Bxd6 Qxd6 14. Bxf5 Nxf5 15. h3 O-O-O 16. Qb3 Na5 17. Qc2 Ne7 18. O-O-O Kb8 19. Kb1 Rhe8 20. Rc1 Nac6 21. Na4 b6 22. Qb3 Na5 23. Qd3 Qb4 24. b3 Kb7 25. Rc3 Nc8 26. Rhc1 Re7 27. Qd2 Nc4 28. Qe1 a5 29. Ka1 N4d6 30. Qe2 Na7 31. Qb2 Ne4 32. R3c2 Nb5 33. Ne1 Qa3 34. Qxa3 Nxa3 35. Re2 c6 36. Nb2 Rc8 37. Nbd3 Nb5 38. a4 Nc7 39. Rec2 Na6 40. Kb2 Rec7 41. Nf3 c5 42. dxc5 bxc5 43. Nd2 Nxd2 44. Rxd2 c4 0-1

[Event "Calgary int."]
[Site "Calgary CAN"]
[Date "2025.07.31"]
[Round "1.5"]
[White "Malek, Omid"]
[Black "Keleberda, Tymur"]
[Result "1-0"]
[WhiteElo "2002"]
[BlackElo "2339"]
[WhiteFideId "-1"]
[BlackFideId "-1"]
[PlyCount "109"]
[GameId "2219074904992041"]
[EventDate "2025.07.31"]
[EventType "swiss"]
[EventRounds "9"]
[EventCountry "CAN"]

1. d4 e6 2. Nf3 d5 3. Bf4 Nf6 4. e3 Bd6 5. Bd3 O-O 6. Nbd2 Bxf4 7. exf4 b6 8. c3 Ba6 9. Bxa6 Nxa6 10. Qe2 Qc8 11. O-O c5 12. a3 Nc7 13. Rfe1 Nce8 14. Qe5 Qd7 15. Qe2 Nd6 16. Ne5 Qb7 17. Ndf3 Rfc8 18. Rad1 a5 19. Ng5 c4 20. g4 b5 21. h4 b4 22. f3 Ra6 23. h5 h6 24. Nh3 Rb6 25. axb4 axb4 26. Rd2 bxc3 27. bxc3 Ra8 28. Kh2 Rb3 29. g5 Nxh5 30. gxh6 gxh6 31. Qg2+ Kf8 32. Rg1 Rb1 33. Qg8+ Ke7 34. Qxa8 Qxa8 35. Rxb1 f6 36. Ng6+ Kf7 37. Rg2 Nf5 38. Rbg1 Qa3 39. Nh8+ Ke7 40. Rb1 Nd6 41. Rc2 Qa8 42. Ng6+ Kf7 43. Rg2 Nf5 44. Rbg1 Nhg3 45. Rxg3 Nxg3 46. Rxg3 Qa1 47. f5 exf5 48. Nhf4 Qxc3 49. Nh8+ Kf8 50. Nhg6+ Ke8 51. Nxd5 Qxd4 52. Ngf4 c3 53. Rg8+ Kd7 54. Rd8+ Kc6 55. Ne7+ 1-0

[Event "Calgary int."]
[Site "Calgary CAN"]
[Date "2025.07.31"]
[Round "2.6"]
[White "Keleberda, Tymur"]
[Black "Tran, Tri"]
[Result "1-0"]
[WhiteElo "2339"]
[BlackElo "1973"]
[WhiteFideId "-1"]
[BlackFideId "-1"]
[PlyCount "57"]
[GameId "2218833064221941"]
[EventDate "2025.07.31"]
[EventType "swiss"]
[EventRounds "9"]
[EventCountry "CAN"]

1. e4 c5 2. Nf3 d6 3. c3 Nf6 4. h3 Nc6 5. Bd3 g6 6. Bc2 e5 7. O-O Bg7 8. d4 cxd4 9. cxd4 exd4 10. Nxd4 O-O 11. Nxc6 bxc6 12. Nc3 d5 13. e5 Nd7 14. f4 Rb8 15. Be3 Rxb2 16. Bb3 Ba6 17. Rf3 Bc4 18. Qc1 Rxb3 19. axb3 Bxb3 20. Rxa7 c5 21. Qa3 c4 22. Nxd5 Re8 23. Qd6 Nb8 24. Bb6 Qxd6 25. exd6 Nc6 26. d7 Rf8 27. Rc7 Nd4 28. Rc8 Nxf3+ 29. gxf3 1-0

[Event "Calgary int."]
[Site "Calgary CAN"]
[Date "2025.08.01"]
[Round "3.3"]
[White "Ivanov, Mike"]
[Black "Keleberda, Tymur"]
[Result "0-1"]
[WhiteElo "2383"]
[BlackElo "2339"]
[WhiteFideId "-1"]
[BlackFideId "-1"]
[PlyCount "91"]
[GameId "2218791240308769"]
[EventDate "2025.07.31"]
[EventType "swiss"]
[EventRounds "9"]
[EventCountry "CAN"]

1. Nf3 d5 2. g3 Bg4 3. Bg2 Nd7 4. h3 Bxf3 5. Bxf3 c6 6. d3 Ngf6 7. O-O e5 8. e4 dxe4 9. dxe4 Bc5 10. Qe2 O-O 11. a4 Qe7 12. a5 b5 13. a6 Rab8 14. Nd2 Bb6 15. Nb3 Qe6 16. Kg2 Rfc8 17. g4 Nf8 18. g5 N6d7 19. Bg4 Qe7 20. Rd1 Ne6 21. Qd3 Ndf8 22. Qd6 Qe8 23. Qxe5 Ng6 24. Qc3 Nef4+ 25. Bxf4 Qxe4+ 26. Kg1 Nxf4 27. Qf3 Qxf3 28. Bxf3 Nxh3+ 29. Kf1 Nxg5 30. Bg2 Ne6 31. Rd7 Kf8 32. Na5 Rc7 33. Rxc7 Nxc7 34. Nxc6 Re8 35. Nb4 Rd8 36. Re1 Rd2 37. Nd3 Rxc2 38. Rd1 Nxa6 39. Bh3 g6 40. Bd7 Nc5 41. Ne5 Rxf2+ 42. Kxf2 Nxd7+ 43. Kf3 Nxe5+ 44. Kf4 Nc4 45. b3 Ne3 46. Rd2 0-1

[Event "Calgary int."]
[Site "Calgary CAN"]
[Date "2025.08.01"]
[Round "4.3"]
[White "Keleberda, Tymur"]
[Black "Srinivasan, Hemant"]
[Result "1/2-1/2"]
[WhiteElo "2352"]
[BlackElo "2097"]
[WhiteFideId "-1"]
[BlackFideId "-1"]
[PlyCount "109"]
[GameId "2206180843208704"]
[EventDate "2025.07.31"]
[EventType "swiss"]
[EventRounds "9"]
[EventCountry "CAN"]

1. d4 d5 2. c4 e6 3. Nc3 Nf6 4. Bg5 Be7 5. Nf3 O-O 6. e3 h6 7. Bxf6 Bxf6 8. Rc1 b6 9. Bd3 Bb7 10. cxd5 exd5 11. b4 c6 12. O-O Nd7 13. Qb3 Be7 14. b5 Nf6 15. bxc6 Bxc6 16. Ba6 Bd6 17. Nb5 Bxb5 18. Qxb5 Re8 19. Rc2 Qe7 20. Rfc1 Rad8 21. Qa4 Qe4 22. Bb5 Re7 23. Qa6 Qe6 24. Rc6 g6 25. Bd3 Kg7 26. a4 Ne4 27. Bxe4 dxe4 28. Nd2 Qd5 29. Qb5 Qxb5 30. axb5 Bb4 31. Nc4 Rd5 32. Rb1 Rxb5 33. Kf1 Re6 34. Rxe6 fxe6 35. Nd6 Rd5 36. Nxe4 a5 37. Ke2 e5 38. Kd3 b5 39. Nc5 exd4 40. Ne6+ Kf6 41. Nxd4 g5 42. Ke4 Re5+ 43. Kd3 Rc5 44. f4 gxf4 45. exf4 h5 46. Rb3 Rd5 47. Ke4 Rc5 48. Kd3 Rc4 49. Nxb5 Rxf4 50. Nd4 Rf2 51. Nc6 Bd6 52. Rb5 a4 53. Rxh5 Rxg2 54. Rh6+ Rg6 55. Rxg6+ 1/2-1/2

[Event "Calgary int."]
[Site "Calgary CAN"]
[Date "2025.08.02"]
[Round "5.3"]
[White "Chandra, Anand Rishi"]
[Black "Keleberda, Tymur"]
[Result "0-1"]
[WhiteElo "2169"]
[BlackElo "2352"]
[WhiteFideId "-1"]
[BlackFideId "-1"]
[PlyCount "58"]
[GameId "2206451694751744"]
[EventDate "2025.07.31"]
[EventType "swiss"]
[EventRounds "9"]
[EventCountry "CAN"]

1. e4 e6 2. d4 d5 3. Nd2 Be7 4. Ngf3 Nf6 5. Bd3 c5 6. dxc5 Bxc5 7. e5 Ng4 8. O-O Nc6 9. Nb3 Bb6 10. Bf4 f6 11. Bb5 O-O 12. Bxc6 bxc6 13. h3 fxe5 14. Bg3 e4 15. hxg4 exf3 16. gxf3 Qf6 17. Kg2 Qxb2 18. Qe2 Qc3 19. Rh1 Rf7 20. Rh3 Bc7 21. Bxc7 Rxc7 22. f4 Qf6 23. Rah1 g6 24. Nc5 Qxf4 25. Nxe6 Bxe6 26. Qxe6+ Rf7 27. f3 Raf8 28. Qxc6 Qd2+ 29. Kg1 Re7 0-1

[Event "Calgary int."]
[Site "Calgary CAN"]
[Date "2025.08.02"]
[Round "6.1"]
[White "Keleberda, Tymur"]
[Black "Mikhalevski, Victor"]
[Result "0-1"]
[WhiteElo "2352"]
[BlackElo "2499"]
[WhiteFideId "-1"]
[BlackFideId "-1"]
[PlyCount "68"]
[GameId "2206550814597120"]
[EventDate "2025.07.31"]
[EventType "swiss"]
[EventRounds "9"]
[EventCountry "CAN"]

1. Nf3 Nf6 2. c4 g6 3. d4 Bg7 4. Nc3 d5 5. Qb3 dxc4 6. Qxc4 O-O 7. e4 a6 8. Qb3 b5 9. e5 Nfd7 10. e6 fxe6 11. Qxe6+ Kh8 12. Qe4 c6 13. Qh4 e5 14. Bg5 Qe8 15. O-O-O exd4 16. Re1 Ne5 17. Nxe5 dxc3 18. bxc3 Nd7 19. Nf3 Qf7 20. c4 Qf5 21. Re7 Qc5 22. Rxg7 Qa3+ 23. Kb1 Kxg7 24. Be7 c5 25. Ng5 Nf6 26. Bxf6+ Kxf6 27. Ne4+ Kg7 28. Qe7+ Kg8 29. Qd6 Ra7 30. Qd5+ Raf7 31. Bd3 Bb7 32. Qd6 bxc4 33. Nf6+ Rxf6 34. Bxc4+ Kh8 0-1

[Event "Calgary int."]
[Site "Calgary CAN"]
[Date "2025.08.03"]
[Round "7.4"]
[White "Keleberda, Tymur"]
[Black "Komarov, Dimitri"]
[Result "1/2-1/2"]
[WhiteElo "2352"]
[BlackElo "2406"]
[WhiteFideId "-1"]
[BlackFideId "-1"]
[PlyCount "95"]
[GameId "2206811519991808"]
[EventDate "2025.07.31"]
[EventType "swiss"]
[EventRounds "9"]
[EventCountry "CAN"]

1. e4 e6 2. d4 d5 3. Nc3 Nf6 4. e5 Nfd7 5. f4 c5 6. Nf3 Nc6 7. Be3 Be7 8. Qd2 a6 9. a3 b5 10. dxc5 Bxc5 11. Bxc5 Nxc5 12. Nd4 Bb7 13. Nxc6 Bxc6 14. Qd4 Qb6 15. Ne2 a5 16. h4 O-O 17. h5 b4 18. f5 bxa3 19. Rxa3 Qb4+ 20. c3 Qxd4 21. Nxd4 Bd7 22. fxe6 fxe6 23. g3 Ne4 24. Rg1 Rab8 25. Rg2 a4 26. Bd3 Nc5 27. Bb1 Rf7 28. h6 gxh6 29. c4 dxc4 30. Rc3 Rb4 31. Rd2 Be8 32. Ke2 Rfb7 33. Bc2 R7b6 34. Ke3 Bg6 35. Bxg6 hxg6 36. Nc2 Rb3 37. Rd8+ Kf7 38. Kd4 Ke7 39. Rc8 Rxc3 40. bxc3 Nb3+ 41. Kxc4 Na5+ 42. Kd4 Rc6 43. Ra8 Nb3+ 44. Kd3 Nc5+ 45. Kd4 Nb3+ 46. Kd3 Nc5+ 47. Kd4 Nb3+ 48. Ke4 1/2-1/2

[Event "Calgary int."]
[Site "Calgary CAN"]
[Date "2025.08.03"]
[Round "8.4"]
[White "Alpuri, Aaqil"]
[Black "Keleberda, Tymur"]
[Result "0-1"]
[WhiteElo "1998"]
[BlackElo "2352"]
[WhiteFideId "-1"]
[BlackFideId "-1"]
[PlyCount "86"]
[GameId "2206911197663232"]
[EventDate "2025.07.31"]
[EventType "swiss"]
[EventRounds "9"]
[EventCountry "CAN"]

1. e4 e6 2. d4 d5 3. Nd2 Be7 4. Ngf3 Nf6 5. e5 Nfd7 6. Bd3 c5 7. c3 b6 8. Qe2 a5 9. a4 Ba6 10. Bxa6 Nxa6 11. O-O O-O 12. Re1 Nc7 13. Nf1 f5 14. exf6 Rxf6 15. Ng3 Rf7 16. Nh5 Bd6 17. Ng5 Re7 18. Qg4 Qe8 19. Nxe6 Qg6 20. Qxg6 hxg6 21. Nhxg7 Nxe6 22. Rxe6 Rxe6 23. Nxe6 Re8 24. Bf4 Rxe6 25. Bxd6 Rxd6 26. Rd1 Nf8 27. f3 Ne6 28. Kf2 cxd4 29. cxd4 Rc6 30. Rd2 Rc4 31. Ke3 Kf7 32. h4 Rxa4 33. g4 Rb4 34. g5 Rb3+ 35. Kf2 Nf4 36. Kg3 Rd3 37. Rc2 Nh5+ 38. Kg2 Rxd4 39. Rc7+ Ke6 40. Rc6+ Kf5 41. Rxb6 Rb4 42. Ra6 Rxb2+ 43. Kh3 Nf4+ 0-1

[Event "Calgary int."]
[Site "Calgary CAN"]
[Date "2025.08.04"]
[Round "9.2"]
[White "Thavandiran, Shiyam"]
[Black "Keleberda, Tymur"]
[Result "1/2-1/2"]
[WhiteElo "2398"]
[BlackElo "2352"]
[WhiteFideId "-1"]
[BlackFideId "-1"]
[PlyCount "110"]
[GameId "2207180908212224"]
[EventDate "2025.07.31"]
[EventType "swiss"]
[EventRounds "9"]
[EventCountry "CAN"]

1. e4 c5 2. Nf3 d6 3. d4 cxd4 4. Nxd4 Nf6 5. f3 e5 6. Nb3 d5 7. Bg5 d4 8. c3 Nc6 9. Bb5 h6 10. Bh4 Qb6 11. Bxc6+ bxc6 12. cxd4 Ba6 13. Bxf6 gxf6 14. Na3 Bb4+ 15. Kf2 c5 16. Nc2 cxd4 17. Nxb4 Qxb4 18. Rc1 Rb8 19. Rc6 Bc4 20. Qc1 Bxb3 21. axb3 Kf8 22. Rxf6 Kg7 23. Ra6 Qxb3 24. Kg3 Rbc8 25. Qd2 Rc2 26. Qa5 Re8 27. Kh3 Re6 28. Rxa7 Rxg2 29. Qa3 Qxa3 30. bxa3 Reg6 31. Rf1 R2g5 32. Kh4 Rf6 33. Ra8 Rf4+ 34. Kh3 f5 35. exf5 Rfxf5 36. Ra7+ Kg6 37. f4 Rxf4 38. Rxf4 exf4 39. Rd7 Kf5 40. Rxd4 f3 41. Rd8 Kf4 42. Rf8+ Ke3 43. Re8+ Kd2 44. Rd8+ Ke2 45. Re8+ Kf1 46. Rb8 f2 47. Rb1+ Ke2 48. Rb2+ Kf3 49. Rb3+ Kf4 50. Rb4+ Kf5 51. Rb5+ Ke4 52. Rb4+ Ke3 53. Rb3+ Ke4 54. Rb4+ Ke3 55. Rb3+ Ke4 1/2-1/2

[Event "Titled Tuesday 2025.07.22 Late"]
[Site "chess.com INT"]
[Date "2025.07.22"]
[Round "1"]
[White "Keleberda, Tymur"]
[Black "Xiong, Jeffery"]
[Result "1-0"]
[WhiteElo "2339"]
[BlackElo "2646"]
[WhiteFideId "-1"]
[BlackFideId "-1"]
[PlyCount "49"]
[GameId "2204712048791649"]
[EventDate "2025.07.22"]
[EventType "swiss (blitz)"]
[EventRounds "11"]
[EventCountry "NET"]
[SourceTitle "The Week in Chess 1603"]
[Source "Mark Crowther"]
[SourceDate "2025.07.28"]
[SourceVersion "1"]
[SourceVersionDate "2025.07.28"]
[SourceQuality "2"]

1. d4 d5 2. c4 e6 3. Nc3 Nf6 4. Bg5 dxc4 5. e3 a6 6. Bxc4 c5 7. Nf3 h6 8. Bxf6 Qxf6 9. Ne4 Qg6 10. Bd3 Qxg2 11. Rg1 Qh3 12. Nxc5 Nc6 13. Rc1 Qh5 14. Be4 g6 15. Qa4 Kd8 16. Bxc6 bxc6 17. Ne5 Qxh2 18. Rf1 Bxc5 19. Rxc5 Ke7 20. Rxc6 Kf8 21. Rc7 Rh7 22. Qc6 Rb8 23. Qd6+ Kg8 24. Qd8+ Kg7 25. Rxf7# 1-0

[Event "Titled Tuesday 2025.07.22 Late"]
[Site "chess.com INT"]
[Date "2025.07.22"]
[Round "2"]
[White "Keleberda, Tymur"]
[Black "Zarubitski, Viachaslau"]
[Result "1-0"]
[WhiteElo "2339"]
[BlackElo "2407"]
[WhiteFideId "-1"]
[BlackFideId "-1"]
[PlyCount "69"]
[GameId "2204712048873766"]
[EventDate "2025.07.22"]
[EventType "swiss (blitz)"]
[EventRounds "11"]
[EventCountry "NET"]
[SourceTitle "The Week in Chess 1603"]
[Source "Mark Crowther"]
[SourceDate "2025.07.28"]
[SourceVersion "1"]
[SourceVersionDate "2025.07.28"]
[SourceQuality "2"]

1. d4 d5 2. c4 c6 3. cxd5 cxd5 4. Bf4 Nf6 5. Nc3 Nc6 6. e3 e6 7. Nf3 Bd6 8. Bxd6 Qxd6 9. Bd3 O-O 10. O-O Bd7 11. Rc1 Rfc8 12. Qe2 a6 13. h4 b5 14. e4 dxe4 15. Nxe4 Nxe4 16. Qxe4 g6 17. h5 Nb4 18. Bb1 Bc6 19. Qe5 Qxe5 20. Nxe5 Bd5 21. h6 Bxa2 22. Bxa2 Nxa2 23. Rc5 Rd8 24. Nc6 Rd6 25. Ra1 Rxc6 26. Rxc6 Nb4 27. Rc5 Rd8 28. Rac1 Kf8 29. Rc8 Ke7 30. R1c7+ Rd7 31. Rxd7+ Kxd7 32. Rh8 Ke7 33. Rxh7 Kf6 34. Rh8 g5 35. Rg8 1-0

[Event "Titled Tuesday 2025.07.22 Late"]
[Site "chess.com INT"]
[Date "2025.07.22"]
[Round "3"]
[White "Steinberg, N."]
[Black "Keleberda, Tymur"]
[Result "1-0"]
[WhiteElo "2554"]
[BlackElo "2339"]
[WhiteFideId "-1"]
[BlackFideId "-1"]
[PlyCount "69"]
[GameId "2204712048943555"]
[EventDate "2025.07.22"]
[EventType "swiss (blitz)"]
[EventRounds "11"]
[EventCountry "NET"]
[SourceTitle "The Week in Chess 1603"]
[Source "Mark Crowther"]
[SourceDate "2025.07.28"]
[SourceVersion "1"]
[SourceVersionDate "2025.07.28"]
[SourceQuality "2"]

1. e4 a6 2. d4 e6 3. Nf3 d5 4. exd5 exd5 5. Bd3 c5 6. O-O c4 7. Re1+ Be7 8. Bf1 Nf6 9. b3 cxb3 10. axb3 O-O 11. h3 Nc6 12. c3 Re8 13. Bd3 Bf8 14. Bg5 Rxe1+ 15. Qxe1 Qd6 16. Ne5 Nxe5 17. dxe5 Qe6 18. Nd2 Nd7 19. Nf3 f6 20. Bf4 fxe5 21. Bxh7+ Kh8 22. Bc2 e4 23. Qe3 Qf6 24. Ng5 Bc5 25. Qg3 Qf5 26. c4 Nf6 27. Qh4+ Kg8 28. cxd5 Bd7 29. d6 Re8 30. b4 Bd4 31. Rd1 Nh5 32. Bb3+ Kf8 33. Qxh5 Bxf2+ 34. Kh1 Be6 35. Qh8+ 1-0

[Event "Titled Tuesday 2025.07.22 Late"]
[Site "chess.com INT"]
[Date "2025.07.22"]
[Round "4"]
[White "Gustafsson, J."]
[Black "Keleberda, Tymur"]
[Result "1-0"]
[WhiteElo "2591"]
[BlackElo "2339"]
[WhiteFideId "-1"]
[BlackFideId "-1"]
[PlyCount "101"]
[GameId "2204712049046147"]
[EventDate "2025.07.22"]
[EventType "swiss (blitz)"]
[EventRounds "11"]
[EventCountry "NET"]
[SourceTitle "The Week in Chess 1603"]
[Source "Mark Crowther"]
[SourceDate "2025.07.28"]
[SourceVersion "1"]
[SourceVersionDate "2025.07.28"]
[SourceQuality "2"]

1. Nf3 d5 2. e3 Nf6 3. c4 e6 4. Nc3 Be7 5. b3 O-O 6. Bb2 b6 7. cxd5 Nxd5 8. Nxd5 Qxd5 9. Bc4 Qd8 10. h4 Bf6 11. d4 Bb7 12. Qc2 Bxf3 13. gxf3 Nd7 14. O-O-O c5 15. dxc5 Bxb2+ 16. Qxb2 Qc7 17. Rdg1 e5 18. Rg5 Nxc5 19. Kb1 Kh8 20. Qxe5 Qxe5 21. Rxe5 Rad8 22. Re7 Rd2 23. Rxa7 Rxf2 24. Rf1 Rxf1+ 25. Bxf1 g6 26. Bc4 Kg7 27. b4 b5 28. bxc5 bxc4 29. c6 Rc8 30. c7 h5 31. Kc2 g5 32. hxg5 h4 33. Rb7 h3 34. Kc3 Rxc7 35. Rb2 Ra7 36. Kxc4 Kg6 37. f4 Kf5 38. Kd3 Kg4 39. Ke4 Re7+ 40. Kd4 Kg3 41. f5 h2 42. Rb1 Kf3 43. f6 Re6 44. a4 Re4+ 45. Kd5 Rxa4 46. g6 fxg6 47. f7 Ra8 48. e4 g5 49. e5 g4 50. e6 g3 51. e7 1-0

[Event "Titled Tuesday 2025.07.22 Late"]
[Site "chess.com INT"]
[Date "2025.07.22"]
[Round "5"]
[White "Keleberda, Tymur"]
[Black "Brancaleoni, M."]
[Result "1-0"]
[WhiteElo "2339"]
[BlackElo "2185"]
[WhiteFideId "-1"]
[BlackFideId "-1"]
[PlyCount "49"]
[GameId "2204712049070784"]
[EventDate "2025.07.22"]
[EventType "swiss (blitz)"]
[EventRounds "11"]
[EventCountry "NET"]
[SourceTitle "The Week in Chess 1603"]
[Source "Mark Crowther"]
[SourceDate "2025.07.28"]
[SourceVersion "1"]
[SourceVersionDate "2025.07.28"]
[SourceQuality "2"]

1. e4 c6 2. Nf3 d5 3. d3 g6 4. Nbd2 Bg7 5. g3 e5 6. Bg2 Ne7 7. O-O O-O 8. Qe2 d4 9. Ne1 c5 10. f4 exf4 11. gxf4 f5 12. a4 Nbc6 13. Nc4 fxe4 14. dxe4 Be6 15. Nf3 Qd7 16. Ng5 Bg4 17. Qd3 Nb4 18. Qb3 Kh8 19. Ne5 Bxe5 20. fxe5 Rxf1+ 21. Bxf1 Bd1 22. Nf7+ Kg8 23. Ng5+ Kg7 24. Qf7+ Kh6 25. Qxh7# 1-0